Movies Quiz

Random Movies or Director Quiz

Spaghetti Western Movies Quiz Stats

Quiz not verified by Sporcle

Also try: Candy or Goodman?
Challenge
Share
Tweet
Embed
Score 0/25 Timer 05:00
0 Plays Today
Director (Year) Movie Title % Correct
Sergio Leone (1966)The Good, the Bad and the Ugly
96.3%
Sergio Leone (1964)A Fistful of Dollars
94.1%
Sergio Leone (1965)For a Few Dollars More
91.8%
Sergio Leone (1968)Once Upon a Time in the West
75.1%
Sergio Corbucci (1966)Django
70.3%
Sergio Leone (1971)A Fistful of Dynamite
60.6%
Tonino Valerii / Sergio Leone (1973)My Name is Nobody
52%
Gulio Petroni (1967)Death Rides a Horse
45.4%
Sergio Sollima (1966)The Big Gundown
43.9%
Sergio Corbucci (1968)The Great Silence
43.5%
Enzo Barboni (1970)They Call Me Trinity
43.5%
Enzo Castellari (1976)Keoma
41.3%
Gianfranco Parolini (1969)Sabata
40.9%
Director (Year) Movie Title % Correct
Sergio Corbucci (1968)The Mercenary
37.5%
Damiano Damiani (1966)A Bullet for the General
36.8%
Sergio Corbucci (1970)Compañeros
36.4%
Enzo Barboni (1971)Trinity Is Still My Name
33.8%
Sergio Sollima (1967)Face to Face
30.5%
Sergio Sollima (1968)Run, Man, Run!
27.5%
Giulio Questi (1967)Django, Kill . . . If You Live, Shoot!
26.8%
Tonino Valerii (1967)Day of Anger
26%
Lucio Fulci (1975)Four of the Apocalypse
22.7%
Giuseppe Colizzi (1968)Ace High
21.2%
Tonino Valerii (1972)A Reason to Live, a Reason to Die
14.9%
Eugenio Martín (1972)Pancho Villa
14.5%

You're not logged in!

Compare scores with friends on all Sporcle quizzes.
Sign Up with Email
OR
Log In

You Might Also Like...

Show Comments

Extras

Top Quizzes Today


Score Distribution

Your Account Isn't Verified!

In order to create a playlist on Sporcle, you need to verify the email address you used during registration. Go to your Sporcle Settings to finish the process.

Report this User

Report this user for behavior that violates our Community Guidelines.

Details: